|
|
|
|
| LEADER |
00000nab a2200000 a 4500 |
| 001 |
vtls009315504 |
| 003 |
SK-MaSNL |
| 005 |
20260318124243.0 |
| 008 |
080728|20080724xo || || |00 | hun |
| 038 |
|
|
|a NZKAB
|
| 040 |
|
|
|a NZKAB
|b slo
|c NZKAB
|e AACR2
|
| 041 |
0 |
|
|a hun
|
| 044 |
|
|
|a xo
|c SK
|
| 080 |
|
|
|a 352.9
|x (437.614)
|2 2001
|
| 080 |
|
|
|a 35.073.515
|2 2001
|
| 080 |
|
|
|a 35.077.6
|2 2001
|
| 080 |
|
|
|a 796.03
|x (437.614)
|2 2001
|
| 245 |
0 |
0 |
|a A párkányi sportklub vette át a tornatermet
|b megszabdult a ráfizetéses, régóta kihasználatlanul álló csarnoktól a városi házkezelőség
|c [szerző] (buch)
|
| 610 |
2 |
7 |
|a Štúrovo (Slovensko).
|b Mestské zastupiteľstvo
|2 nzkab
|9 223946
|
| 610 |
2 |
7 |
|a Športový klub (Štúrovo, Slovensko)
|2 nzkab
|9 1450086
|
| 610 |
2 |
7 |
|a Športová hala (Štúrovo, Slovensko)
|2 nzkab
|9 1450087
|
| 650 |
0 |
7 |
|a športové haly
|2 nzkab
|9 74428
|
| 650 |
0 |
7 |
|a majetok
|2 nzkab
|9 1607
|
| 650 |
0 |
7 |
|a vlastníctvo
|2 nzkab
|9 281120
|
| 650 |
0 |
7 |
|a mestské zastupiteľstvá
|2 nzkab
|9 70169
|
| 650 |
0 |
7 |
|a rozhodnutia
|2 nzkab
|9 374227
|
| 650 |
0 |
7 |
|a športové kluby
|2 nzkab
|9 70137
|
| 651 |
|
7 |
|a Štúrovo (Slovensko)
|2 nzkab
|9 27957
|
| 773 |
0 |
|
|t Új Szó
|g Évf. 61, sz. 171 (24.7.2008), o. 5
|x 1335-7050
|
| 852 |
|
|
|a NZKAB
|b KIS3GCP
|
| 958 |
|
|
|a SK
|
| 958 |
|
|
|a RG
|
| 999 |
|
|
|c 2900713
|d 2902643
|